000 00578nam a22001817a 4500
005 20251108164255.0
008 250721s9999 xx 000 0 ara d
082 1 4 _a621.9/محم
100 1 _aسلطان، محمد أحمد
245 1 0 _aميكانيكا آلات غزل القطن /
264 1 _aالاسكندرية :
_bمنشأة المعارف،
_c[19-].
300 _a651ص
650 1 7 _aالهندسة الميكانيكية
700 1 _aالهواري، إبراهيم عبده
700 1 _aالطوسي، محمد كامل
942 _2ddc
_cBK
999 _c8068
_d8068